IAS 41 - Poľnohospodárstvo

IAS 41 - Poľnohospodárstvo. Cieľom tohto štandardu je stanoviť spôsob účtovania, prezentácie účtovnej závierky a zverejnenie ďalších informácií súvisiacich s poľnohospodárskou činnosťou. Dôležité pojmy, ktoré štandard používa.

Na minha lista:
Detalhes bibliográficos
Autor principal: Harumová, Anna, 1955-
Formato: Capítulo de Livro
Idioma:eslovaco
Assuntos:
Tags: Adicionar Tag
Sem tags, seja o primeiro a adicionar uma tag!

MARC

LEADER 00000naa$a2200000$$$4500
001 0003770
005 20240502071347.1
041 0 |a slo 
044 |a SK 
245 1 0 |a IAS 41 - Poľnohospodárstvo  |c Anna Harumová 
520 |a IAS 41 - Poľnohospodárstvo. Cieľom tohto štandardu je stanoviť spôsob účtovania, prezentácie účtovnej závierky a zverejnenie ďalších informácií súvisiacich s poľnohospodárskou činnosťou. Dôležité pojmy, ktoré štandard používa. 
610 2 0 |a štandardy 
610 2 0 |a poľnohospodárstvo 
610 2 0 |a účtovanie 
610 2 0 |a závierka účtovná 
610 2 0 |a IAS 41 
100 1 |a Harumová, Anna, 1955-